| 000 | 00549nam a2200193Ia 4500 | ||
|---|---|---|---|
| 003 | GCL | ||
| 008 | 140319s9999 xx 000 0 ara d | ||
| 040 |
_aGCL / _cGCL |
||
| 082 | 0 | 4 |
_a928.1 _bع ش |
| 100 | 1 | _aعبدالمنعم شميس | |
| 245 | 1 | 0 |
_aشخصيات مصرية / _cعبدالمنعم شميس |
| 260 |
_a[S.N] : _bالهيئة المصرية العامة للكتاب ، _c1987 |
||
| 300 | _a169 ص | ||
| 490 | _a | ||
| 650 | 0 | 4 | _aمصر |
| 650 | 0 | 4 | _aالفلاسفة |
| 650 | 0 | 4 | _aالادباء العرب |
| 942 |
_2ddc _cBK |
||
| 999 |
_c28321 _d28321 |
||